1378 1233 1419 1228 1973 1808 1789 1457 1712 1218 1247 1489 1690 1662 1613 1743 1655 1113 1528 1474 1698 1598 1153 1212 1363 1896 1242 1288 1498 1659 1030 1102 1377 1760 1557 1406 1514 1742 1059 1533 1384 1032 1814 1558 1271 1423 1618 1988 1741 1901 1981 1553 1311 1162 1248 1794 1125 1258 1146 1251 1032 1720 1200 1646 1455 1239 1854 1930 1087 1537 1788 1968 1155 1852 1040 1720 1778 1724 1146 1920 1917 1035 1951 1937 1057 1374 1804 1757 1567 1261 1712 1681 1420 1467 1774 1167 1545 1461 1168 BCNSPRNW ULIB Ver.6.0+V

เปลี่ยนเป็นภาษาไทย

Change to English
 แสดงรายละเอียดบรรณานุกรม
  กลับหน้าหลัก

Brief Record : Get Marc (ISO 2709) : E-mail record : QR code < ปิดหน้าต่าง
LEADER : 00000nam 2200000uu 4500
001    13399122853
003     ULIB
008    131022s2555||||th 000 0 tha d
020    ^a9789742473693
050  4 ^aDS520^bอ111ร
100    ^aอากิ อคิราภ์
245    ^aเราคืออาเซียน-- กัมพูชา /^cอากิ อคิราภ์
250    ^aพิมพ์ครั้งที่ 3
260    ^aกรุงเทพฯ :^bอมรินทร์คอมมิกส์,^c2555
300    ^a53 หน้า
440  0 ^aชุด เราคืออาเซียน
650  7 ^aประชาคมอาเซียน
650  7 ^aอาเซียน
650  7 ^aกัมพูชา
945    ^p75^l0^i034075
999    ^aทศพร
รายการนี้ยังไม่มีแท็ก
คุณยังไม่ได้ล็อกอิน คุณสามารถมีกิจกรรมร่วมกับเว็บไซต์ได้ แต่ต้องล็อกอินก่อน ::
  ล็อกอิน

รายการสื่อสารสนเทศ

ลำดับที่ ประเภท เลขเรียก/บาร์โค้ด สถานที่ สถานะ
1. การศึกษาทั่วไป
หนังสือสำรอง
สถานะ=หนังสือสำรอง
DS520 อ111ร ฉ.1 
  Barcode: 034075
ห้องสมุดวิทยาเขตสวรรค์ประชารักษ์
►หนังสือทั่วไป
บนชั้น

รายการใกล้เคียง
    ผู้แต่ง [อากิ อคิราภ์]

    หัวเรื่อง [ประชาคมอาเซียน]
    หัวเรื่อง [อาเซียน]
    หัวเรื่อง [กัมพูชา]

BibComment


ยังไม่เคยถูกคอมเมนท์

คอมเมนท์ทรัพยากรรายการนี้
  คอมเมนท์: เราคืออาเซียน กั..


 Copyright 2026. Bcnsprnw @Library